Statistics for Current Football Players to Club

Click here to take the quiz!

General Stats

  • This quiz has been taken 24 times
    (8 since last reset)
  • The average score is 15 of 26

Answer Stats

PlayerAnswer% Correct
Paulo DybalaJuventus
100%
Gianluigi DonnarummaA.C. Milan
86%
João FélixAtlético Madrid
86%
Callum Hudson-OdoiChelsea F.C.
86%
Jordan PickfordEverton F.C.
86%
Nicolò BarellaInter Milan
86%
Edinson CavaniParis Saint-Germain F.C.
86%
Eden HazardReal Madrid C.F
86%
Jadon SanchoBorussia Dortmund
71%
Wayne RooneyD.C United
71%
Phil FodenManchester City
71%
Angel GomesManchester United
71%
Nabil FekirReal Betis
71%
Nicolas PépéArsenal F.C.
57%
Zlatan IbrahimovićLA Galaxy
57%
Andrés IniestaVissel Kobe
57%
MalcomZenit Saint Petersburg
57%
Stéphane RuffierAS Saint-Étienne
43%
Alban LafontFC Nantes
43%
Benoît CostilGirondins de Bordeaux
43%
Fabio QuagliarellaU.C. Sampdoria
43%
Aaron MooyBrighton & Hove Albion F.C.
29%
Kwang Song HanCagliari Calcio
29%
Pietro PellegriAS Monaco FC
14%
Josh SargentSV Werder Bremen
14%
Sunil ChhetriBengaluru FC
0%

Score Distribution

Percentile by Number Answered

Percent of People with Each Score

Your Score History

You have not taken this quiz since the last reset